[Event "SWE-chT 1920 Elite"]
[Site "Sweden"]
[Date "2020.02.01"]
[Round "5.2"]
[White "Malesevic, Nedeljko"]
[Black "Tadjerbashi, Amir"]
[Result "0-1"]
[WhiteElo "2251"]
[BlackElo "2199"]
[PlyCount "76"]
[EventDate "2019.10.18"]
[EventType "team-tourn"]
[EventRounds "9"]
[EventCountry "SWE"]
[SourceTitle "CBM 194 Extra"]
[Source "ChessBase"]
[SourceDate "2020.03.31"]
[SourceVersion "1"]
[SourceVersionDate "2020.03.31"]
[SourceQuality "1"]
[WhiteTeam "Eksjo"]
[BlackTeam "Limhamn"]
[WhiteTeamCountry "SWE"]
[BlackTeamCountry "SWE"]

1. d4 d5 2. c4 e6 3. Nf3 c6 4. e3 Nf6 5. Nc3 Nbd7 6. Bd3 dxc4 7. Bxc4 b5 8. Bd3 a6 9. 0-0 c5 10. b3 Bb7 11. Bb2 cxd4 12. exd4 Be7 13. Re1 0-0 14. Rc1 Nb6 15. Ne4 Nxe4 16. Bxe4 Bxe4 17. Rxe4 Nd5 18. Ne5 Bd6 19. Nd3 Qe7 20. Nc5 Rfd8 21. Qf3 Rac8 22. Nd3 Ba3 23. Qe2 Rxc1+ 24. Nxc1 Bxb2 25. Qxb2 Qd6 26. Ne2 Nf6 27. Re3 e5 28. f3 exd4 29. Rd3 Qe5 30. g3 Re8 31. Nxd4 Qe1+ 32. Kg2 Nd5 33. Qd2 Ne3+ 34. Kh3 Qf1+ 35. Kh4 Re4+ 36. g4 Rxg4+ 37. fxg4 Qf6+ 38. g5 Qf4+ 0-1

[Event "SWE-chT 1920 Elite"]
[Site "Sweden"]
[Date "2020.01.31"]
[Round "4.1"]
[White "Tadjerbashi, Amir"]
[Black "Dragicevic, Drazen"]
[Result "1-0"]
[WhiteElo "2199"]
[BlackElo "2341"]
[PlyCount "75"]
[EventDate "2019.10.18"]
[EventType "team-tourn"]
[EventRounds "9"]
[EventCountry "SWE"]
[SourceTitle "CBM 194 Extra"]
[Source "ChessBase"]
[SourceDate "2020.03.31"]
[SourceVersion "1"]
[SourceVersionDate "2020.03.31"]
[SourceQuality "1"]
[WhiteTeam "Limhamn"]
[BlackTeam "Lunds"]
[WhiteTeamCountry "SWE"]
[BlackTeamCountry "SWE"]

1. e4 c5 2. Nf3 d6 3. d4 cxd4 4. Nxd4 Nf6 5. Nc3 Bd7 6. g3 Nc6 7. Bg2 g6 8. Nde2 Bg7 9. h3 0-0 10. 0-0 Rb8 11. a4 a6 12. Be3 b5 13. axb5 axb5 14. Nd5 Re8 15. Rb1 b4 16. b3 Rb7 17. Qd2 Qb8 18. Rfd1 Nxd5 19. exd5 Na7 20. Bd4 Rc8 21. Bxg7 Kxg7 22. Nd4 Rc3 23. Re1 Nc8 24. Ra1 Rbc7 25. Ra2 Qb6 26. Re4 f6 27. Rh4 g5 28. Re4 Qc5 29. h4 Qxd5 30. Rxe7+ Nxe7 31. Bxd5 Nxd5 32. hxg5 R3c5 33. Ra6 Kf7 34. Rxd6 Ke7 35. Ra6 Bc8 36. Qe2+ Kf7 37. Qh5+ Kg8 38. Rd6 1-0

[Event "SWE-chT 1819 Elite"]
[Site "Sweden"]
[Date "2019.01.13"]
[Round "6.2"]
[White "Tadjerbashi, Amir"]
[Black "Nordstrom, Per Olov"]
[Result "1/2-1/2"]
[WhiteElo "2198"]
[BlackElo "1911"]
[PlyCount "99"]
[EventDate "2018.11.09"]
[EventType "team-tourn"]
[EventRounds "9"]
[EventCountry "SWE"]
[SourceTitle "CBM 189 Extra"]
[Source "ChessBase"]
[SourceDate "2019.06.03"]
[SourceVersion "1"]
[SourceVersionDate "2019.06.03"]
[SourceQuality "1"]
[WhiteTeam "Limhamn"]
[BlackTeam "Eksjo"]
[WhiteTeamCountry "SWE"]
[BlackTeamCountry "SWE"]

1. e4 c5 2. Nf3 Nc6 3. d4 cxd4 4. Nxd4 Nf6 5. Nc3 e5 6. Ndb5 d6 7. Bg5 a6 8. Na3 b5 9. Bxf6 gxf6 10. Nd5 f5 11. Bd3 Be6 12. c3 Bg7 13. Nxb5 axb5 14. Bxb5 Bd7 15. exf5 0-0 16. 0-0 Re8 17. Qf3 e4 18. Qg3 Kh8 19. Qxd6 Be5 20. Qh6 Bg7 21. Qd2 Ne5 22. Bxd7 Qxd7 23. f6 Bxf6 24. Qf4 Bg5 25. Qxe4 f5 26. Qd4 f4 27. Rfe1 Qf5 28. f3 Kg8 29. Rad1 Rad8 30. Re4 Nc6 31. Rxe8+ Rxe8 32. Qc4 Qe6 33. Nb6 Qxc4 34. Nxc4 Bh4 35. g3 fxg3 36. hxg3 Bxg3 37. Rd5 Bf4 38. b4 Re1+ 39. Kf2 Ra1 40. a3 Ra2+ 41. Kf1 Rc2 42. Rc5 Ne7 43. Na5 Ng6 44. Nc6 Ra2 45. Rc4 Rxa3 46. Ke2 h5 47. Ne7+ Nxe7 48. Rxf4 Rxc3 49. Rh4 Rb3 50. Rxh5 1/2-1/2

[Event "SWE-chT 1617"]
[Site "Sweden"]
[Date "2016.10.14"]
[Round "1.2"]
[White "Hellstrom, Magnus"]
[Black "Tadjerbashi, Amir"]
[Result "0-1"]
[WhiteElo "2073"]
[BlackElo "2215"]
[PlyCount "80"]
[EventDate "2016.10.14"]
[EventType "team-tourn"]
[EventRounds "9"]
[EventCountry "SWE"]
[SourceTitle "EXT 2017"]
[Source "ChessBase"]
[SourceDate "2016.10.25"]
[SourceVersion "1"]
[SourceVersionDate "2016.10.25"]
[SourceQuality "1"]
[WhiteTeam "Umea Rockaden"]
[BlackTeam "Limhamn"]
[WhiteTeamCountry "SWE"]
[BlackTeamCountry "SWE"]

1. e4 e5 2. Nf3 Nc6 3. Bb5 a6 4. Ba4 Nf6 5. 0-0 Be7 6. Re1 b5 7. Bb3 0-0 8. d4 d6 9. c3 Bg4 10. Be3 exd4 11. cxd4 d5 12. e5 Ne4 13. Nc3 Nxc3 14. bxc3 Bf5 15. Nd2 Qd7 16. Nf1 Na5 17. Ng3 Bg6 18. Bc2 Bxc2 19. Qxc2 Rae8 20. a4 Nc4 21. Nf5 b4 22. Bf4 a5 23. Nxe7+ Qxe7 24. cxb4 axb4 25. Qb3 Rb8 26. a5 Rb5 27. a6 Ra8 28. Ra4 Na5 29. Qd3 c6 30. Rea1 Nc4 31. Rb1 Rb6 32. Qb3 Raxa6 33. h3 Rxa4 34. Qxa4 Qb7 35. Bg5 b3 36. Bd8 Rb5 37. Bg5 h6 38. Be3 Rb4 39. Qa1 b2 40. Qa2 Rb3 0-1

[Event "SWE-chT 1516"]
[Site "Sweden"]
[Date "2016.01.16"]
[Round "4.1"]
[White "Hansson, Fredrik"]
[Black "Tadjerbashi, Amir"]
[Result "1/2-1/2"]
[WhiteElo "2091"]
[BlackElo "2234"]
[PlyCount "65"]
[EventDate "2015.11.06"]
[EventType "team-tourn"]
[EventRounds "9"]
[EventCountry "SWE"]
[SourceTitle "CBM 170 Extra"]
[Source "ChessBase"]
[SourceDate "2016.02.25"]
[SourceVersion "1"]
[SourceVersionDate "2016.02.25"]
[SourceQuality "1"]
[WhiteTeam "Lunds"]
[BlackTeam "Limhamn"]
[WhiteTeamCountry "SWE"]
[BlackTeamCountry "SWE"]

1. e4 e5 2. Nf3 Nc6 3. Bb5 a6 4. Ba4 Nf6 5. 0-0 Be7 6. Re1 b5 7. Bb3 0-0 8. a4 Bb7 9. Nc3 Na5 10. Ba2 b4 11. Nd5 Nxd5 12. Bxd5 c6 13. Ba2 b3 14. cxb3 d5 15. d3 Bb4 16. Bd2 c5 17. Bxb4 cxb4 18. exd5 Bxd5 19. Nxe5 Qg5 20. Qg4 Qxg4 21. Nxg4 Rfe8 22. Ne5 Bxb3 23. Bxb3 Nxb3 24. Rad1 Re6 25. d4 f6 26. Nf3 Rxe1+ 27. Nxe1 Rd8 28. Nc2 a5 29. Kf1 Nc5 30. Ra1 Nb3 31. Rd1 Nc5 32. Ra1 Nb3 33. Rd1 1/2-1/2

[Event "SWE-chT 1415 Superettan"]
[Site "Sweden"]
[Date "2015.01.31"]
[Round "5"]
[White "Alle, Ambjorn"]
[Black "Tadjerbashi, Amir"]
[Result "0-1"]
[WhiteElo "2223"]
[BlackElo "2199"]
[PlyCount "69"]
[EventDate "2014.11.21"]
[EventType "team-tourn"]
[EventRounds "9"]
[EventCountry "SWE"]
[SourceTitle "EXT 2018"]
[Source "ChessBase"]
[SourceDate "2017.10.13"]
[SourceVersion "1"]
[SourceVersionDate "2017.10.13"]
[SourceQuality "1"]
[WhiteTeam "Vaxjo"]
[BlackTeam "Limhamn II"]
[WhiteTeamCountry "SWE"]
[BlackTeamCountry "SWE"]

1. d4 d5 2. c4 c6 3. cxd5 cxd5 4. Bf4 Nf6 5. Nc3 Nc6 6. e3 a6 7. Bd3 e6 8. Nf3 Be7 9. Ne5 Bd7 10. 0-0 0-0 11. Rc1 Rc8 12. Bg5 Be8 13. f4 Nd7 14. Bxe7 Qxe7 15. Na4 Ndxe5 16. fxe5 Qg5 17. Rf4 f6 18. Qf1 Bg6 19. Bxg6 hxg6 20. exf6 gxf6 21. Re1 e5 22. h4 Qg3 23. Rf3 Qxh4 24. Nc3 Rcd8 25. dxe5 fxe5 26. Rd1 d4 27. Nd5 Rxf3 28. Qxf3 Rf8 29. Qe2 Qe4 30. Qc4 Kg7 31. Re1 Qh4 32. Rf1 Rxf1+ 33. Qxf1 dxe3 34. Nxe3 Qe4 35. Nd1 0-1

[Event "SWE-chT 1415 Superettan"]
[Site "Sweden"]
[Date "2015.01.18"]
[Round "6"]
[White "Tadjerbashi, Amir"]
[Black "Hultin, Johan"]
[Result "1-0"]
[WhiteElo "2199"]
[BlackElo "2346"]
[PlyCount "103"]
[EventDate "2014.11.21"]
[EventType "team-tourn"]
[EventRounds "9"]
[EventCountry "SWE"]
[SourceTitle "EXT 2018"]
[Source "ChessBase"]
[SourceDate "2017.10.13"]
[SourceVersion "1"]
[SourceVersionDate "2017.10.13"]
[SourceQuality "1"]
[WhiteTeam "Limhamn II"]
[BlackTeam "Manhem"]
[WhiteTeamCountry "SWE"]
[BlackTeamCountry "SWE"]

1. e4 c5 2. Nf3 d6 3. d4 cxd4 4. Nxd4 Nf6 5. Nc3 a6 6. g3 e5 7. Nde2 Be6 8. Bg2 Nbd7 9. h3 h5 10. a4 Rc8 11. 0-0 Be7 12. Be3 Rc6 13. Nd5 Bxd5 14. exd5 Rc8 15. a5 h4 16. g4 Nh7 17. Nc3 Rxc3 18. bxc3 Bg5 19. f4 exf4 20. Bxf4 Bxf4 21. Rxf4 Ne5 22. Qd4 Nf8 23. Qb4 Qc7 24. Rb1 Nfg6 25. Re4 0-0 26. c4 f5 27. gxf5 Rxf5 28. Qb6 Qe7 29. Qe3 Rg5 30. Kh1 Rg3 31. Qf2 Qg5 32. Rb3 Rxb3 33. cxb3 Nd3 34. Re8+ Kh7 35. Qe3 Ndf4 36. Be4 Kh6 37. Qf3 Qf6 38. Qf2 Qc3 39. Rh8+ Kg5 40. Bxg6 Qxh3+ 41. Kg1 Qg4+ 42. Kh2 Qh3+ 43. Kg1 Nxg6 44. Re8 Nf4 45. Re3 Qf5 46. Kh2 Kh5 47. Qf3+ Kh6 48. Re6+ g6 49. Re4 Kg5 50. c5 Nxd5 51. Qxf5+ gxf5 52. cxd6 1-0

[Event "SWE-chT 1415 Superettan"]
[Site "Sweden"]
[Date "2014.11.22"]
[Round "2"]
[White "Tadjerbashi, Amir"]
[Black "Glimbrant, Torbjorn"]
[Result "1/2-1/2"]
[WhiteElo "2199"]
[BlackElo "2254"]
[PlyCount "86"]
[EventDate "2014.11.21"]
[EventType "team-tourn"]
[EventRounds "9"]
[EventCountry "SWE"]
[SourceTitle "EXT 2018"]
[Source "ChessBase"]
[SourceDate "2017.10.13"]
[SourceVersion "1"]
[SourceVersionDate "2017.10.13"]
[SourceQuality "1"]
[WhiteTeam "Limhamn II"]
[BlackTeam "Upsala"]
[WhiteTeamCountry "SWE"]
[BlackTeamCountry "SWE"]

1. e4 c5 2. Nf3 e6 3. Nc3 Nc6 4. d4 cxd4 5. Nxd4 d6 6. g3 Nf6 7. Bg2 Be7 8. Nxc6 bxc6 9. e5 Nd5 10. exd6 Qxd6 11. Ne4 Qb4+ 12. c3 Qb6 13. c4 Bb4+ 14. Bd2 Ne7 15. 0-0 0-0 16. Be3 Qa6 17. Qb3 Rb8 18. Bc5 Bxc5 19. Qxb8 Bd4 20. Qc7 Nf5 21. Nd6 Nxd6 22. Qxd6 c5 23. Qxa6 Bxa6 24. Rac1 Bxb2 25. Rb1 Ba3 26. Rb3 Bb4 27. Rc1 h5 28. Rd3 Rb8 29. a3 Ba5 30. Rd7 Bb6 31. a4 Bc8 32. Rdd1 Ba5 33. Rb1 Rb4 34. Rxb4 cxb4 35. c5 Kf8 36. f4 Ke7 37. Kf2 Bc7 38. Bc6 e5 39. fxe5 Bxe5 40. Rb1 Bd4+ 41. Kf3 Bxc5 42. Ke4 Kd6 43. Bb5 Bb7+ 1/2-1/2

[Event "SWE-chT2 1213"]
[Site "Sweden"]
[Date "2013.03.17"]
[Round "9"]
[White "Henriksson, Johan"]
[Black "Tadjerbashi, Amir"]
[Result "0-1"]
[WhiteElo "2294"]
[BlackElo "2179"]
[PlyCount "58"]
[EventDate "2012.10.20"]
[EventType "team-tourn"]
[EventRounds "9"]
[EventCountry "SWE"]
[SourceTitle "EXT 2015"]
[Source "ChessBase"]
[SourceDate "2014.11.20"]
[SourceVersion "1"]
[SourceVersionDate "2014.11.20"]
[SourceQuality "1"]
[WhiteTeam "Stockholm SS"]
[BlackTeam "Limhamn II"]
[WhiteTeamCountry "SWE"]
[BlackTeamCountry "SWE"]

1. d4 d5 2. Nf3 Nf6 3. c4 c6 4. e3 e6 5. Nc3 Nbd7 6. Be2 Bd6 7. 0-0 0-0 8. b3 Re8 9. Bb2 Qe7 10. Qc2 b6 11. e4 dxe4 12. Nxe4 Nxe4 13. Qxe4 Bb7 14. Bd3 f5 15. Qe2 c5 16. Rfe1 cxd4 17. Nxd4 Ne5 18. Bc2 Qh4 19. g3 Qh3 20. Qf1 Qh5 21. Bd1 Ng4 22. h3 Bc5 23. f3 Nf6 24. Kh2 e5 25. f4 Ng4+ 26. Bxg4 fxg4 27. Ne2 exf4 28. Nxf4 Qf5 29. Nd5 Qxf1 0-1

[Event "SWE-chT2 1213"]
[Site "Sweden"]
[Date "2013.03.16"]
[Round "8"]
[White "Tadjerbashi, Amir"]
[Black "Landgren, Andreas"]
[Result "1/2-1/2"]
[WhiteElo "2179"]
[BlackElo "2202"]
[PlyCount "56"]
[EventDate "2012.10.20"]
[EventType "team-tourn"]
[EventRounds "9"]
[EventCountry "SWE"]
[SourceTitle "EXT 2015"]
[Source "ChessBase"]
[SourceDate "2014.11.20"]
[SourceVersion "1"]
[SourceVersionDate "2014.11.20"]
[SourceQuality "1"]
[WhiteTeam "Limhamn II"]
[BlackTeam "Solna"]
[WhiteTeamCountry "SWE"]
[BlackTeamCountry "SWE"]

1. e4 c5 2. Nf3 d6 3. d4 cxd4 4. Nxd4 Nf6 5. Nc3 a6 6. g3 e6 7. Bg2 Be7 8. 0-0 0-0 9. Be3 Nc6 10. a4 Qc7 11. Kh1 Bd7 12. f4 Nxd4 13. Bxd4 Bc6 14. a5 Nd7 15. h3 Bf6 16. Bxf6 Nxf6 17. Qd4 Rfe8 18. Rfd1 Rad8 19. Qb4 g6 20. Rd3 d5 21. e5 Ne4 22. Qd4 Bb5 23. Re3 Nxc3 24. Rxc3 Qd7 25. Raa3 Rc8 26. Rxc8 Rxc8 27. Rc3 Rc6 28. Rxc6 Qxc6 1/2-1/2

[Event "SWE-chT2 1213"]
[Site "Sweden"]
[Date "2012.12.01"]
[Round "3"]
[White "Tadjerbashi, Amir"]
[Black "Hjelm, Niclas"]
[Result "0-1"]
[WhiteElo "2179"]
[BlackElo "2317"]
[PlyCount "144"]
[EventDate "2012.10.20"]
[EventType "team-tourn"]
[EventRounds "9"]
[EventCountry "SWE"]
[SourceTitle "EXT 2015"]
[Source "ChessBase"]
[SourceDate "2014.11.20"]
[SourceVersion "1"]
[SourceVersionDate "2014.11.20"]
[SourceQuality "1"]
[WhiteTeam "Limhamn II"]
[BlackTeam "Farsta"]
[WhiteTeamCountry "SWE"]
[BlackTeamCountry "SWE"]

1. e4 e5 2. Nf3 Nc6 3. d4 exd4 4. Bc4 Nf6 5. e5 Ng4 6. Qe2 Qe7 7. Bf4 f6 8. exf6 gxf6 9. Nbd2 d6 10. c3 dxc3 11. bxc3 Qxe2+ 12. Kxe2 Bd7 13. Rhe1 0-0-0 14. Bd5 Bg7 15. Nd4 Rde8+ 16. Kf1 Nge5 17. Reb1 Nd8 18. Nc4 Nxc4 19. Bxc4 f5 20. Rd1 a6 21. Rac1 Be5 22. Bh6 Nc6 23. Nf3 Bf6 24. Ng5 Ne5 25. Be2 Ng4 26. Bxg4 fxg4 27. Nf7 Rhg8 28. Bd2 Re7 29. Nh6 Rge8 30. Re1 b5 31. Rxe7 Rxe7 32. Ng8 Re6 33. Nxf6 Rxf6 34. Kg1 Be6 35. a3 Kd7 36. Be3 Kc6 37. Rd1 Rf5 38. Bd4 Bd5 39. Re1 Rf4 40. Rd1 a5 41. Be3 Ra4 42. Bc1 Re4 43. Be3 Rc4 44. Bd2 h5 45. Kf1 Re4 46. Be3 Bb3 47. Rb1 Bc2 48. Rc1 Bd3+ 49. Ke1 Ra4 50. Ra1 Be4 51. f3 gxf3 52. gxf3 Bxf3 53. Kd2 Rh4 54. Bg1 Re4 55. Be3 Bg4 56. Kd3 Bf5 57. Kd2 Ra4 58. Bd4 Kd5 59. Rf1 Be4 60. Kc1 c5 61. Bg7 Rxa3 62. Kb2 Ra4 63. Rf4 Rc4 64. Rf6 b4 65. Rh6 Bf3 66. cxb4 Rxb4+ 67. Kc1 Rb8 68. Rf6 Bg4 69. Rf2 a4 70. Bb2 Rb3 71. Kc2 Rf3 72. Rd2+ Kc6 0-1

[Event "SWE-chT2 1213"]
[Site "Sweden"]
[Date "2012.10.21"]
[Round "2"]
[White "Laveryd, Peter"]
[Black "Tadjerbashi, Amir"]
[Result "1-0"]
[WhiteElo "2404"]
[BlackElo "2179"]
[PlyCount "69"]
[EventDate "2012.10.20"]
[EventType "team-tourn"]
[EventRounds "9"]
[EventCountry "SWE"]
[SourceTitle "EXT 2015"]
[Source "ChessBase"]
[SourceDate "2014.11.20"]
[SourceVersion "1"]
[SourceVersionDate "2014.11.20"]
[SourceQuality "1"]
[WhiteTeam "Norrkoping Schack 08"]
[BlackTeam "Limhamn II"]
[WhiteTeamCountry "SWE"]
[BlackTeamCountry "SWE"]

1. e4 e5 2. Nf3 Nc6 3. Nc3 Nf6 4. g3 Bc5 5. Bg2 d6 6. 0-0 h6 7. d3 Bg4 8. Be3 Qd7 9. Qd2 0-0-0 10. Nd5 Bxe3 11. fxe3 Nxd5 12. exd5 Ne7 13. c4 Kb8 14. e4 f5 15. c5 c6 16. Qc3 cxd5 17. cxd6 Ng6 18. Nxe5 Nxe5 19. Qxe5 dxe4 20. dxe4 Rhe8 21. Qd5 Qxd6 22. Qxd6+ Rxd6 23. exf5 Re2 24. Rf4 Bh5 25. Rb4 b6 26. Re4 Rxb2 27. Re7 Rdd2 28. Be4 Re2 29. Rc1 Rxe4 30. Rxe4 Bf3 31. Re7 Rg2+ 32. Kf1 Rxh2 33. Rc4 Rxa2 34. Rd4 Bb7 35. Rxg7 1-0

[Event "SWE-chT 1112"]
[Site "Sweden"]
[Date "2012.01.15"]
[Round "4"]
[White "Tadjerbashi, Amir"]
[Black "Hamark, Jesper"]
[Result "0-1"]
[WhiteElo "2177"]
[BlackElo "2338"]
[PlyCount "138"]
[EventDate "2011.10.07"]
[EventType "team-tourn"]
[EventRounds "9"]
[EventCountry "SWE"]
[SourceTitle "EXT 2013"]
[Source "ChessBase"]
[SourceDate "2012.11.22"]
[SourceVersion "1"]
[SourceVersionDate "2012.11.22"]
[SourceQuality "1"]
[WhiteTeam "Limhamn"]
[BlackTeam "Kamraterna"]
[WhiteTeamCountry "SWE"]
[BlackTeamCountry "SWE"]

1. e4 e5 2. Nf3 Nc6 3. d4 exd4 4. Bc4 Nf6 5. e5 Ne4 6. Bd5 Nc5 7. 0-0 Be7 8. Re1 0-0 9. c3 dxc3 10. Nxc3 d6 11. exd6 cxd6 12. Bf4 Be6 13. Qd2 Qd7 14. Rad1 Rad8 15. a3 a5 16. Qe2 Rfe8 17. Qb5 Bf8 18. Qb6 Bxd5 19. Rxe8 Rxe8 20. Nxd5 Qf5 21. Be3 Qc2 22. Rc1 Qd3 23. Nf4 Qe4 24. Ng5 Qf5 25. h4 h6 26. Nf3 Ne5 27. Nxe5 Rxe5 28. Rf1 Be7 29. b4 axb4 30. axb4 Ne4 31. Qxb7 Bxh4 32. Nd3 Rb5 33. Qc6 Qd5 34. Qe8+ Kh7 35. Nf4 Qf5 36. Nd3 Bg5 37. Bxg5 Nxg5 38. Qe3 Rd5 39. Nc1 g6 40. Qc3 Ne4 41. Qe3 Ng5 42. Qc3 h5 43. Re1 Ne6 44. Ne2 h4 45. Kf1 Rd3 46. Qc4 h3 47. Ng3 hxg2+ 48. Kg1 Qf3 49. Qe4 d5 50. Qxf3 Rxf3 51. Kxg2 Rb3 52. Ne2 Rxb4 53. Rd1 d4 54. Kf3 Kg7 55. Ke4 Rb2 56. Re1 Kf6 57. f4 Rb3 58. Nc1 Rh3 59. Nd3 Rg3 60. Ne5 Rg2 61. Kf3 Ra2 62. Ng4+ Ke7 63. Ne5 Ra3+ 64. Ke4 Rc3 65. f5 gxf5+ 66. Kxf5 Re3 67. Rxe3 dxe3 68. Ke4 e2 69. Nf3 Ng5+ 0-1

[Event "SWE-chT 0910"]
[Site "Sweden"]
[Date "2010.01.16"]
[Round "6"]
[White "Tadjerbashi, Amir"]
[Black "Dragicevic, Drazen"]
[Result "1/2-1/2"]
[WhiteElo "2181"]
[BlackElo "2283"]
[PlyCount "60"]
[EventDate "2009.10.16"]
[EventType "team"]
[EventRounds "11"]
[EventCountry "SWE"]
[SourceTitle "EXT 2011"]
[Source "ChessBase"]
[SourceDate "2010.11.26"]
[SourceVersion "1"]
[SourceVersionDate "2010.11.26"]
[SourceQuality "1"]
[WhiteTeam "Limhamn"]
[BlackTeam "Lunds"]
[WhiteTeamCountry "SWE"]
[BlackTeamCountry "SWE"]

1. e4 c5 2. Nf3 Nc6 3. d4 cxd4 4. Nxd4 Nf6 5. Nc3 e5 6. Ndb5 d6 7. Bg5 a6 8. Na3 b5 9. Bxf6 gxf6 10. Nd5 Bg7 11. Bd3 Ne7 12. Nxe7 Qxe7 13. 0-0 0-0 14. c4 f5 15. Qf3 bxc4 16. Nxc4 d5 17. exd5 e4 18. Qe3 Bb7 19. d6 Qf6 20. Bc2 f4 21. Qh3 Rac8 22. b3 Rc5 23. Rad1 Qg6 24. d7 Bf6 25. Rd6 Kg7 26. d8Q Rxd8 27. Rxd8 Bxd8 28. Qd7 Rg5 29. Qxb7 Rxg2+ 30. Kh1 Rxh2+ 1/2-1/2

[Event "SWE-chT 0910"]
[Site "Sweden"]
[Date "2009.11.14"]
[Round "4"]
[White "Martensson, Ulf"]
[Black "Tadjerbashi, Amir"]
[Result "1/2-1/2"]
[WhiteElo "2114"]
[BlackElo "2181"]
[PlyCount "41"]
[EventDate "2009.10.16"]
[EventType "team"]
[EventRounds "11"]
[EventCountry "SWE"]
[SourceTitle "EXT 2011"]
[Source "ChessBase"]
[SourceDate "2010.11.26"]
[SourceVersion "1"]
[SourceVersionDate "2010.11.26"]
[SourceQuality "1"]
[WhiteTeam "Kamraterna"]
[BlackTeam "Limhamn"]
[WhiteTeamCountry "SWE"]
[BlackTeamCountry "SWE"]

1. d4 d5 2. Nf3 Nf6 3. c4 c6 4. cxd5 cxd5 5. Nc3 Nc6 6. Bf4 a6 7. Rc1 Ne4 8. e3 Nxc3 9. bxc3 Bg4 10. Be2 e6 11. 0-0 Bd6 12. Bxd6 Qxd6 13. c4 dxc4 14. Bxc4 Rd8 15. Be2 0-0 16. h3 Bh5 17. Nd2 Bxe2 18. Qxe2 e5 19. Nc4 Qe6 20. Nxe5 Nxe5 21. dxe5 1/2-1/2

[Event "SWE-chT 0910"]
[Site "Sweden"]
[Date "2009.10.18"]
[Round "3"]
[White "Andersson, Fredrik1111"]
[Black "Tadjerbashi, Amir"]
[Result "1/2-1/2"]
[WhiteElo "2249"]
[BlackElo "2181"]
[PlyCount "45"]
[EventDate "2009.10.16"]
[EventType "team"]
[EventRounds "11"]
[EventCountry "SWE"]
[SourceTitle "EXT 2011"]
[Source "ChessBase"]
[SourceDate "2010.11.26"]
[SourceVersion "1"]
[SourceVersionDate "2010.11.26"]
[SourceQuality "1"]
[WhiteTeam "Upsala"]
[BlackTeam "Limhamn"]
[WhiteTeamCountry "SWE"]
[BlackTeamCountry "SWE"]

1. d4 d5 2. c4 c6 3. Nf3 Nf6 4. e3 e6 5. Bd3 Nbd7 6. 0-0 Bd6 7. Nbd2 0-0 8. e4 dxe4 9. Nxe4 Nxe4 10. Bxe4 h6 11. b3 Qc7 12. Bb2 c5 13. Bc2 Re8 14. Re1 b6 15. Qd3 Nf8 16. dxc5 Bxc5 17. Ne5 Bb7 18. Qc3 f6 19. Ng6 Nxg6 20. Bxg6 Qf4 21. Qg3 Qxg3 22. hxg3 Red8 23. Rad1 1/2-1/2

[Event "Politiken Cup 31st"]
[Site "Helsingor"]
[Date "2009.07.26"]
[Round "10"]
[White "Flermoen, Peter"]
[Black "Tadjerbashi, Amir"]
[Result "1-0"]
[WhiteElo "2027"]
[BlackElo "2193"]
[PlyCount "106"]
[EventDate "2009.07.18"]
[EventType "swiss"]
[EventRounds "10"]
[EventCountry "DEN"]
[SourceTitle "CBM 131 Extra"]
[Source "ChessBase"]
[SourceDate "2009.09.03"]
[SourceVersion "2"]
[SourceVersionDate "2009.09.16"]
[SourceQuality "1"]

1. e4 e5 2. Nf3 Nc6 3. Bc4 Bc5 4. d3 Nf6 5. Nc3 d6 6. Bg5 Bb4 7. Bb3 Bg4 8. h3 Be6 9. 0-0 Bxc3 10. bxc3 Bxb3 11. cxb3 h6 12. Bxf6 Qxf6 13. Nh2 h5 14. Qf3 Qe7 15. Rfe1 0-0-0 16. Nf1 Kb8 17. Ne3 Rdf8 18. b4 Qd7 19. a4 Ne7 20. a5 Rh6 21. c4 Nc6 22. Nf5 Rh7 23. b5 Nd8 24. b6 cxb6 25. axb6 a6 26. Qg3 g6 27. Ne3 h4 28. Qg5 Ne6 29. Qf6 Qd8 30. Nd5 Rhh8 31. Qf3 f5 32. Qd1 Qd7 33. Qd2 Nc5 34. Ra3 f4 35. f3 g5 36. Rf1 Rh7 37. d4 exd4 38. Qxd4 Rhf7 39. e5 Ne6 40. Qe4 Nc5 41. Qd4 Ne6 42. Qc3 Rf5 43. exd6 Qxd6 44. Re1 Nd8 45. Kh1 Nc6 46. Raa1 R5f7 47. Rad1 Qg6 48. Nb4 Rf6 49. c5 Nxb4 50. Qxb4 Re8 51. Qd4 Rc6 52. Qd7 Rxe1+ 53. Rxe1 Rc8 1-0

[Event "Politiken Cup 31st"]
[Site "Helsingor"]
[Date "2009.07.24"]
[Round "8"]
[White "Tadjerbashi, Amir"]
[Black "Kristiansen, Jens"]
[Result "1/2-1/2"]
[WhiteElo "2193"]
[BlackElo "2435"]
[PlyCount "133"]
[EventDate "2009.07.18"]
[EventType "swiss"]
[EventRounds "10"]
[EventCountry "DEN"]
[SourceTitle "CBM 131 Extra"]
[Source "ChessBase"]
[SourceDate "2009.09.03"]
[SourceVersion "2"]
[SourceVersionDate "2009.09.16"]
[SourceQuality "1"]

1. e4 c5 2. Nf3 d6 3. d4 cxd4 4. Nxd4 Nf6 5. Nc3 Nc6 6. g3 e5 7. Nde2 Be7 8. Bg2 0-0 9. 0-0 a6 10. h3 b5 11. Be3 Rb8 12. Qd2 Na5 13. b3 Nb7 14. g4 Nc5 15. Ng3 g6 16. g5 Ne8 17. Nd5 Be6 18. Nxe7+ Qxe7 19. f4 exf4 20. Bxf4 Nd7 21. Rfd1 Ne5 22. Kh1 f6 23. Rf1 fxg5 24. Bxg5 Rxf1+ 25. Rxf1 Qc7 26. Ne2 Ng7 27. Rd1 Rc8 28. c3 Nf7 29. Bf4 Rd8 30. Bh2 Nh5 31. Nf4 Nxf4 32. Bxf4 Rc8 33. Bxd6 Qxc3 34. Qxc3 Rxc3 35. e5 Bxh3 36. Bd5 Kg7 37. Bb4 Re3 38. Bc5 Re2 39. Bd4 Ng5 40. e6+ Kh6 41. e7 Rxe7 42. Bf6 Re2 43. Rd4 Kh5 44. a4 Bf5 45. axb5 axb5 46. Kg1 Nh3+ 47. Kf1 Rf2+ 48. Ke1 g5 49. Be5 Bg4 50. Bg3 Re2+ 51. Kf1 Re3 52. Bf7+ Kh6 53. Rxg4 Rf3+ 54. Kg2 Rxf7 55. Kxh3 Rf3 56. Rb4 Rf5 57. Kg2 Kg6 58. Re4 Rd5 59. Re5 Rxe5 60. Bxe5 Kf5 61. Bc7 Ke4 62. b4 h5 63. Kg3 Kd5 64. Bd8 Kc4 65. Be7 Kc3 66. Kf3 g4+ 67. Kg3 1/2-1/2

[Event "Politiken Cup 31st"]
[Site "Helsingor"]
[Date "2009.07.23"]
[Round "7"]
[White "Rostgaard, Tobias Valentin"]
[Black "Tadjerbashi, Amir"]
[Result "0-1"]
[WhiteElo "2051"]
[BlackElo "2193"]
[PlyCount "66"]
[EventDate "2009.07.18"]
[EventType "swiss"]
[EventRounds "10"]
[EventCountry "DEN"]
[SourceTitle "CBM 131 Extra"]
[Source "ChessBase"]
[SourceDate "2009.09.03"]
[SourceVersion "2"]
[SourceVersionDate "2009.09.16"]
[SourceQuality "1"]

1. c4 Nf6 2. Nc3 c6 3. Nf3 d5 4. d4 e6 5. cxd5 exd5 6. Bg5 Be7 7. Qc2 g6 8. e3 Bf5 9. Bd3 Bxd3 10. Qxd3 Nbd7 11. 0-0 0-0 12. a3 a5 13. Rab1 Re8 14. Bf4 Bf8 15. Rfc1 Ne4 16. Nd2 Nxd2 17. Qxd2 b5 18. a4 b4 19. Ne2 c5 20. dxc5 Nxc5 21. Qd1 Qd7 22. b3 Rac8 23. f3 Bg7 24. Rc2 Ne6 25. Rd2 Red8 26. e4 d4 27. Be3 d3 28. Nc1 Rc3 29. Kh1 Bd4 30. Rxd3 Rxd3 31. Qxd3 Bxe3 32. Qxe3 Qd1+ 33. Qg1 Qc2 0-1